Formula 1: Drivers with Most Points in One Season 1991-2002 - Statistics

General Stats
  • This quiz has been taken 805 times
  • The average score is 33 of 35
Answer Stats
Points Driver Year Team % Correct
144 Michael Schumacher 2002 Ferrari
100%
123 Michael Schumacher 2001 Ferrari
100%
108 Michael Schumacher 2000 Ferrari
100%
102 Michael Schumacher 1995 Benetton
100%
92 Michael Schumacher 1994 Benetton
100%
86 Michael Schumacher 1998 Ferrari
100%
59 Michael Schumacher 1996 Ferrari
100%
53 Michael Schumacher 1992 Benetton
100%
52 Michael Schumacher 1993 Benetton
100%
96 Ayrton Senna 1991 McLaren
99%
73 Ayrton Senna 1993 McLaren
99%
50 Ayrton Senna 1992 McLaren
99%
99 Alain Prost 1993 Williams
98%
100 Mika Häkkinen 1998 McLaren
97%
89 Mika Häkkinen 2000 McLaren
97%
76 Mika Häkkinen 1999 McLaren
97%
97 Damon Hill 1996 Williams
95%
91 Damon Hill 1994 Williams
95%
69 Damon Hill 1995 Williams
95%
69 Damon Hill 1993 Williams
95%
108 Nigel Mansell 1992 Williams
95%
72 Nigel Mansell 1991 Williams
95%
81 Jacques Villeneuve 1997 Williams
94%
78 Jacques Villeneuve 1996 Williams
94%
77 Rubens Barrichello 2002 Ferrari
93%
62 Rubens Barrichello 2000 Ferrari
93%
56 Rubens Barrichello 2001 Ferrari
93%
73 David Coulthard 2000 McLaren
90%
65 David Coulthard 2001 McLaren
90%
56 David Coulthard 1998 McLaren
90%
74 Eddie Irvine 1999 Ferrari
86%
50 Juan Pablo Montoya 2002 Williams
79%
54 Heinz-Harald Frentzen 1999 Jordan
68%
56 Riccardo Patrese 1992 Williams
65%
53 Riccardo Patrese 1991 Williams
65%
No matching quizzes found
Score Distribution
Percent of People with Each Score
Percentile by Number Answered
Your Score History
You have not taken this quiz